<?xml version="1.0" encoding="UTF-8"?>
<record
    xmlns:xsi="http://www.w3.org/2001/XMLSchema-instance"
    xsi:schemaLocation="http://www.loc.gov/MARC21/slim http://www.loc.gov/standards/marcxml/schema/MARC21slim.xsd"
    xmlns="http://www.loc.gov/MARC21/slim">

  <leader>01258nam0a22003011  4500</leader>
  <controlfield tag="001">rc\860641</controlfield>
  <controlfield tag="005">20250622022108.0</controlfield>
  <datafield tag="035" ind1=" " ind2=" ">
    <subfield code="a">(NLR Aleph) 006040363</subfield>
  </datafield>
  <datafield tag="090" ind1=" " ind2=" ">
    <subfield code="a">7620872</subfield>
    <subfield code="c">7620872</subfield>
  </datafield>
  <datafield tag="100" ind1=" " ind2=" ">
    <subfield code="a">20041129d1983    |||y0rusy50      ca</subfield>
  </datafield>
  <datafield tag="101" ind1="0" ind2=" ">
    <subfield code="a">rus</subfield>
  </datafield>
  <datafield tag="102" ind1=" " ind2=" ">
    <subfield code="a">RU</subfield>
  </datafield>
  <datafield tag="105" ind1=" " ind2=" ">
    <subfield code="a">y   |||||||||</subfield>
  </datafield>
  <datafield tag="200" ind1="1" ind2=" ">
    <subfield code="a">&#x41E;&#x442;&#x447;&#x435;&#x442; &#x43E; &#x43A;&#x43E;&#x43C;&#x430;&#x43D;&#x434;&#x438;&#x440;&#x43E;&#x432;&#x43A;&#x435; &#x432; &#x424;&#x438;&#x43D;&#x43B;&#x44F;&#x43D;&#x434;&#x438;&#x44E; [&#x434;&#x43B;&#x44F; &#x443;&#x447;&#x430;&#x441;&#x442;&#x438;&#x44F; &#x432; &#x440;&#x430;&#x431;&#x43E;&#x442;&#x435; &#x43C;&#x435;&#x436;&#x434;&#x443;&#x43D;&#x430;&#x440;&#x43E;&#x434;&#x43D;&#x43E;&#x433;&#x43E; &#x441;&#x438;&#x43C;&#x43F;&#x43E;&#x437;&#x438;&#x443;&#x43C;&#x430; 1982 &#x433;. "&#x420;&#x435;&#x43B;&#x44F;&#x442;&#x438;&#x432;&#x438;&#x441;&#x442;&#x441;&#x43A;&#x438;&#x435; &#x44D;&#x444;&#x444;&#x435;&#x43A;&#x442;&#x44B; &#x432; &#x43A;&#x432;&#x430;&#x43D;&#x442;&#x43E;&#x432;&#x43E;&#x439; &#x445;&#x438;&#x43C;&#x438;&#x438;"]</subfield>
  </datafield>
  <datafield tag="210" ind1=" " ind2=" ">
    <subfield code="a">&#x41C;.</subfield>
    <subfield code="c">&#x412;&#x418;&#x41D;&#x418;&#x422;&#x418;</subfield>
    <subfield code="d">1983</subfield>
  </datafield>
  <datafield tag="215" ind1=" " ind2=" ">
    <subfield code="a">13 &#x441;.</subfield>
    <subfield code="d">22</subfield>
  </datafield>
  <datafield tag="300" ind1=" " ind2=" ">
    <subfield code="a">&#x41D;&#x430; 1-&#x439; &#x441;. &#x430;&#x432;&#x442;.: &#x417;.&#x411;. &#x420;&#x443;&#x434;&#x437;&#x438;&#x43A;&#x430;&#x441;, &#x43F;&#x440;&#x43E;&#x444;. &#x423;.&#x418;. &#x421;&#x430;&#x444;&#x440;&#x43E;&#x43D;&#x43E;&#x432;&#x430;, &#x434;. &#x444;.-&#x43C;. &#x43D;.</subfield>
  </datafield>
  <datafield tag="300" ind1=" " ind2=" ">
    <subfield code="a">&#x412; &#x43D;&#x430;&#x434;&#x437;&#x430;&#x433;.: &#x410;&#x41D; &#x421;&#x421;&#x421;&#x420;, &#x412;&#x418;&#x41D;&#x418;&#x422;&#x418;</subfield>
  </datafield>
  <datafield tag="320" ind1=" " ind2=" ">
    <subfield code="a">&#x421;&#x43F;&#x438;&#x441;&#x43E;&#x43A; &#x43F;&#x43E;&#x43B;&#x443;&#x447;. &#x43C;&#x430;&#x442;&#x435;&#x440;&#x438;&#x430;&#x43B;&#x43E;&#x432;: &#x441;. 13</subfield>
  </datafield>
  <datafield tag="333" ind1=" " ind2=" ">
    <subfield code="a">&#x414;&#x421;&#x41F;. &#x42D;&#x43A;&#x437;. &#x2116; 6</subfield>
  </datafield>
  <datafield tag="700" ind1=" " ind2="1">
    <subfield code="4">070</subfield>
    <subfield code="7">ca</subfield>
    <subfield code="8">rus</subfield>
    <subfield code="a">&#x420;&#x443;&#x434;&#x437;&#x438;&#x43A;&#x430;&#x441;</subfield>
    <subfield code="b">&#x417;. &#x411;.</subfield>
    <subfield code="f">1940-2011</subfield>
    <subfield code="g">&#x417;&#x435;&#x43D;&#x43E;&#x43D;&#x430;&#x441; &#x411;&#x440;&#x43E;&#x43D;&#x438;&#x441;&#x43B;&#x430;&#x432;&#x43E;&#x432;&#x438;&#x447;</subfield>
    <subfield code="9">241750</subfield>
    <subfield code="3">RU\NLR\AUTH\770241806</subfield>
  </datafield>
  <datafield tag="701" ind1=" " ind2="1">
    <subfield code="a">&#x421;&#x430;&#x444;&#x440;&#x43E;&#x43D;&#x43E;&#x432;&#x430;</subfield>
    <subfield code="b">&#x423;.&#x418;.</subfield>
    <subfield code="g">&#x423;&#x43B;&#x44C;&#x44F;&#x43D;&#x430; &#x418;&#x432;&#x430;&#x43D;&#x43E;&#x432;&#x43D;&#x430;</subfield>
  </datafield>
  <datafield tag="801" ind1=" " ind2="0">
    <subfield code="a">RU</subfield>
    <subfield code="b">NLR</subfield>
    <subfield code="g">psbo</subfield>
  </datafield>
  <datafield tag="801" ind1=" " ind2="1">
    <subfield code="a">RU</subfield>
    <subfield code="b">ELAR</subfield>
    <subfield code="2">rusmarc</subfield>
  </datafield>
  <datafield tag="852" ind1=" " ind2=" ">
    <subfield code="a">NLR</subfield>
    <subfield code="j">83-50&#x41A;/1925</subfield>
  </datafield>
  <datafield tag="942" ind1=" " ind2=" ">
    <subfield code="c">BOOK</subfield>
  </datafield>
  <datafield tag="980" ind1=" " ind2=" ">
    <subfield code="a">NB</subfield>
  </datafield>
  <datafield tag="995" ind1=" " ind2=" ">
    <subfield code="5">2013-10-26</subfield>
    <subfield code="b">NLR01</subfield>
    <subfield code="c">NLR01</subfield>
    <subfield code="e">NZ5</subfield>
    <subfield code="f">1-4470673</subfield>
    <subfield code="k">83-50&#x41A;/1925</subfield>
    <subfield code="o">0</subfield>
    <subfield code="r">BOOK</subfield>
    <subfield code="s">83501925_</subfield>
  </datafield>
</record>
